000 01205nas a2200349 4500
001 BR8000941
003 BR-BrBNA
005 20231205084145.0
007 ta
008 230509b bl.|||p| |||| 00| 00por d
040 _aBR-BrBNA
_bpor
_cBiblioteca Nacional de Agricultura
041 _a(Pt)
072 _aF27; F25; F00
100 1 _aPorto, M.C.M.
100 1 _aSantos Filho, J.M. dos
100 1 _aBarni, N.A.
100 1 _aMinor, H.C.
100 1 _aBergamaschi, H.
245 1 _aResposta da soja (Glycine max (L.)MERRIL)A IRRIGACAO E NIVEIS DE FERTILIDADE DO SOLO, 1: Rendimento de graos e caracteristicas agronomicas
_bParte de tese
246 1 _a[Soybean response (Glycine max (L.)MERRIL)TO IRRIGATION AND SOIL FERTILITY LEVELS, 1: Grain yield and agronomic characteristics]
_b[Part of thesis]
650 _aCultivo do solo
650 _aFertilidade do solo
650 _aProducao vegetal
650 _aSoja
650 _aGrao
650 _aIrrigacao
650 _aAdubacao
650 _aRendimento
773 0 _tAgronomia Sulriograndense (Brazil)
_xISSN 0400-8111
_g(1979), v. 15(2) p. 251-280
_wBR8000941
909 _a202311
_bLúcia
_c55
_dLúcia Elande
942 _2AGRIS
_n0
_cANA
999 _c103473
_d103473